书目信息 |
| 题名: |
现代双簧管演奏理论与实践探索
|
|
| 作者: | 刘东明 著 | |
| 分册: | ||
| 出版信息: | 长春 吉林出版集团股份有限公司 2022.06 |
|
| 页数: | 148页 | |
| 开本: | 24cm | |
| 丛书名: | ||
| 单 册: | ||
| 中图分类: | J621.36 | |
| 科图分类: | ||
| 主题词: | 双簧管--shuang huang guan--吹奏法 | |
| 电子资源: | ||
| ISBN: | 978-7-5731-1319-1 | |
| 000 | 01084nam0 2200241 450 | |
| 001 | CAL 0120227434683 | |
| 005 | 20230217093113.0 | |
| 010 | @a978-7-5731-1319-1@dCNY78.00 | |
| 100 | @a20220730d2022 em y0chiy0120 ea | |
| 101 | 0 | @achi |
| 102 | @aCN@b220000 | |
| 105 | @ag a 000yy | |
| 106 | @ar | |
| 200 | 1 | @a现代双簧管演奏理论与实践探索@Axian dai shuang huang guan yan zou li lun yu shi jian tan suo@f刘东明著 |
| 210 | @a长春@c吉林出版集团股份有限公司@d2022.06 | |
| 215 | @a148页@c乐谱@d24cm | |
| 320 | @a有书目 (第147-148页) | |
| 330 | @a本书主要围绕双簧管演奏的理论与实践两方面内容展开论述。在理论方面, 本书依次介绍了双簧管演奏的正确嘴型、双簧管演奏的音色问题、双簧管演奏的音准问题、双簧管在交响乐队中的作用等内容。在实践方面, 本书结合相关双簧管音乐作品进行论述, 进而将双簧管演奏从理论层面提升到实践层面上来。同时, 双簧管的音色具有明亮、清晰、悠扬的基本特点, 这件乐器也深受大众喜爱。 | |
| 606 | 0 | @a双簧管@Ashuang huang guan@x吹奏法 |
| 690 | @aJ621.36@v5 | |
| 701 | 0 | @a刘东明@Aliu dong ming@4著 |
| 801 | 0 | @aCN@bBJXHZP@c20230222 |
| 905 | @b1378293-6@dJ621.36@e605@f4 | |
| 现代双簧管演奏理论与实践探索/刘东明著.-长春:吉林出版集团股份有限公司,2022.06 |
| 148页:乐谱;24cm |
| ISBN 978-7-5731-1319-1:CNY78.00 |
| 本书主要围绕双簧管演奏的理论与实践两方面内容展开论述。在理论方面, 本书依次介绍了双簧管演奏的正确嘴型、双簧管演奏的音色问题、双簧管演奏的音准问题、双簧管在交响乐队中的作用等内容。在实践方面, 本书结合相关双簧管音乐作品进行论述, 进而将双簧管演奏从理论层面提升到实践层面上来。同时, 双簧管的音色具有明亮、清晰、悠扬的基本特点, 这件乐器也深受大众喜爱。 |
| ● |
| 相关链接 |
|
|
|
|
正题名:现代双簧管演奏理论与实践探索
索取号:J621.36/605
 
预约/预借
| 序号 | 登录号 | 条形码 | 馆藏地/架位号 | 状态 | 备注 |
| 1 | 1378293 | 213782931 | 第一样本阅览室/ [索取号:J621.36/605] | 在馆 | |
| 2 | 1378294 | 213782940 | 第一借阅区/ [索取号:J621.36/605] | 在馆 | |
| 3 | 1378295 | 213782959 | 第一借阅区/ [索取号:J621.36/605] | 在馆 | |
| 4 | 1378296 | 213782968 | 第一借阅区/ [索取号:J621.36/605] | 在馆 |